[Event "Titled Tuesday intern op 02nd Apr Early"]
[Site "Chess.com INT"]
[Date "2024.04.02"]
[Round "2"]
[White "Kuznecova, Marija"]
[Black "Huayhuas Robles, Laura Sofia"]
[Result "1-0"]
[WhiteElo "2082"]
[BlackElo "1793"]
[PlyCount "67"]
[EventDate "2024.04.02"]
[EventType "swiss (blitz)"]
[EventRounds "11"]
[EventCountry "USA"]
[SourceTitle "CB15_2024"]
[SourceDate "2024.04.10"]
[SourceVersion "1"]
[SourceVersionDate "2024.04.10"]
[SourceQuality "1"]

1. e4 c5 2. Nf3 d6 3. d4 cxd4 4. Nxd4 Nf6 5. Nc3 a6 6. Be3 e6 7. g4 h6 8. f3 Nbd7 9. Qd2 b5 10. 0-0-0 Bb7 11. h4 b4 12. Nce2 d5 13. exd5 Nxd5 14. Bf2 Be7 15. Bg2 Rc8 16. Kb1 Ne5 17. Ng3 Nc4 18. Qe1 Qc7 19. Rc1 Nc3+ 20. bxc3 Na3+ 21. Ka1 bxc3 22. Nge2 Bf6 23. g5 hxg5 24. hxg5 Rxh1 25. Qxh1 Bxg5 26. f4 Bf6 27. Bxb7 Rb8 28. Qc6+ Qxc6 29. Bxc6+ Ke7 30. Nxc3 Nb5 31. Ncxb5 axb5 32. c3 Rc8 33. Bxb5 Rc5 34. a4 1-0

[Event "Pan American-ch Hybrid U16 Girls 31st"]
[Site "Tornelo INT"]
[Date "2021.09.04"]
[Round "9"]
[White "Huayhuas Robles, Laura Sofia"]
[Black "Oviedo Acosta, Paula"]
[Result "1/2-1/2"]
[WhiteElo "1596"]
[BlackElo "1637"]
[PlyCount "80"]
[EventDate "2021.09.04"]
[EventType "swiss"]
[EventRounds "9"]
[EventCountry "NET"]
[SourceTitle "EXT 2023"]
[Source "ChessBase"]
[SourceDate "2022.10.05"]
[SourceVersion "1"]
[SourceVersionDate "2022.10.05"]
[SourceQuality "1"]

1. d4 Nf6 2. c4 c5 3. d5 e6 4. Nc3 exd5 5. cxd5 d6 6. e4 g6 7. h3 Bg7 8. Bd3 0-0 9. Nf3 b5 10. Nxb5 Re8 11. 0-0 Nxe4 12. Re1 Nf6 13. Rxe8+ Nxe8 14. Bg5 Qd7 15. Qe2 Nf6 16. Re1 Bb7 17. Qe7 Nxd5 18. Qxd6 Qxd6 19. Nxd6 Bc6 20. b3 Nd7 21. Bb5 Bxb5 22. Nxb5 h6 23. Bh4 N7b6 24. Bg3 a6 25. Nc7 Nxc7 26. Bxc7 Nd5 27. Be5 Nb4 28. Bxg7 Kxg7 29. Re2 Rd8 30. a3 Nc6 31. Rc2 Na5 32. Nd2 Nb7 33. Ne4 Rd1+ 34. Kh2 Ra1 35. Nxc5 Nxc5 36. Rxc5 Rxa3 37. Rc3 a5 38. Re3 a4 39. bxa4 Rxa4 40. Rb3 h5 1/2-1/2

[Event "Pan American-ch Hybrid U16 Girls 31st"]
[Site "Tornelo INT"]
[Date "2021.09.04"]
[Round "3"]
[White "Jimenez Salas, Maria Teresa"]
[Black "Huayhuas Robles, Laura Sofia"]
[Result "1/2-1/2"]
[WhiteElo "1468"]
[BlackElo "1596"]
[PlyCount "94"]
[EventDate "2021.09.04"]
[EventType "swiss"]
[EventRounds "9"]
[EventCountry "NET"]
[SourceTitle "EXT 2023"]
[Source "ChessBase"]
[SourceDate "2022.10.05"]
[SourceVersion "1"]
[SourceVersionDate "2022.10.05"]
[SourceQuality "1"]

1. e4 c5 2. Nf3 d6 3. d4 cxd4 4. Nxd4 Nf6 5. f3 Nc6 6. c4 e6 7. Nc3 Be7 8. Be3 0-0 9. Be2 d5 10. exd5 exd5 11. 0-0 Nxd4 12. Bxd4 dxc4 13. Bxc4 b6 14. Rc1 Bb7 15. Bf2 Rc8 16. Qb3 Bc5 17. Bxc5 Rxc5 18. Rfd1 Qb8 19. Nb5 Rc6 20. Rd2 a6 21. Nd4 Rd6 22. a4 Bd5 23. Rcd1 Bxc4 24. Qxc4 Qb7 25. Nf5 Rxd2 26. Rxd2 b5 27. axb5 Qxb5 28. Qxb5 axb5 29. Rd4 Rb8 30. Kf2 Kf8 31. Ke3 g6 32. Nd6 Ke7 33. Kd3 Ke6 34. Ne4 Nxe4 35. Kxe4 Rc8 36. Rd2 Rc1 37. f4 f5+ 38. Ke3 Rc4 39. g3 Rc1 40. b3 Rc3+ 41. Rd3 Rc2 42. h3 b4 43. h4 h5 44. Kf3 Rb2 45. Ke3 Rc2 46. Kf3 Rb2 47. Ke3 Rc2 1/2-1/2

[Event "South America-ch U14 Girls 16th"]
[Site "Buenos Aires"]
[Date "2019.12.01"]
[Round "1.10"]
[White "Vargas Chavez, Matilde Florencia"]
[Black "Huayhuas Robles, Laura Sofia"]
[Result "0-1"]
[WhiteElo "1024"]
[BlackElo "1566"]
[PlyCount "88"]
[EventDate "2019.12.01"]
[EventType "swiss"]
[EventRounds "9"]
[EventCountry "ARG"]
[SourceTitle "EXT 2024"]
[Source "ChessBase"]
[SourceDate "2023.10.10"]
[SourceVersion "1"]
[SourceVersionDate "2023.10.10"]
[SourceQuality "1"]

1. e4 c5 2. Nf3 d6 3. d3 Nc6 4. g3 g6 5. Nbd2 Bg7 6. Bg2 e6 7. Nf1 Nge7 8. h4 h5 9. N1h2 d5 10. exd5 exd5 11. c3 Bf5 12. d4 cxd4 13. cxd4 Qb6 14. 0-0 Nxd4 15. Nxd4 Bxd4 16. Qd2 0-0-0 17. Nf3 Bg7 18. Kh2 Kb8 19. Bh3 Rhe8 20. Bxf5 Nxf5 21. Re1 d4 22. Rxe8 Rxe8 23. Qd3 Ka8 24. Rb1 Qe6 25. Bf4 Qxa2 26. Rd1 Qxb2 27. Rd2 Qc3 28. Ng5 Qxd3 29. Rxd3 Re7 30. Kh3 b5 31. Rb3 Rb7 32. Nf3 a5 33. Bd2 b4 34. Ne1 Nd6 35. Nd3 Ne4 36. Be1 Bf8 37. f3 Nc3 38. Nb2 a4 39. Nxa4 Nxa4 40. Bd2 Nc3 41. Kg2 Ra7 42. Kf1 Ra2 43. Bxc3 dxc3 44. Ke1 Rg2 0-1

[Event "Pan American-ch U14 Girls"]
[Site "Guayaquil"]
[Date "2019.07.22"]
[Round "3"]
[White "Huayhuas Robles, Laura Sofia"]
[Black "Juarez Garcia, Daniela"]
[Result "1-0"]
[WhiteElo "1472"]
[BlackElo "1653"]
[PlyCount "27"]
[EventDate "2019.07.21"]
[EventType "swiss"]
[EventRounds "9"]
[EventCountry "ECU"]
[SourceTitle "EXT 2020"]
[Source "ChessBase"]
[SourceDate "2019.10.17"]
[SourceVersion "1"]
[SourceVersionDate "2019.10.17"]
[SourceQuality "1"]

1. d4 d5 2. c4 c6 3. cxd5 cxd5 4. Nc3 Nf6 5. Nf3 Nc6 6. h3 h6 7. Bf4 Bf5 8. e3 Bh7 9. Qb3 Qd7 10. Ne5 Nxe5 11. dxe5 Ne4 12. Bb5 Nc5 13. Bxd7+ Nxd7 14. Nxd5 1-0